| 000 | 01789cam a22002533a 4500 | ||
|---|---|---|---|
| 001 | 19755 | ||
| 003 | PGUSA | ||
| 005 | 20140828083422.0 | ||
| 008 | 061111s2006||||xxu|||||s|||||000 | eng d | ||
| 040 |
_aPGUSA _beng |
||
| 042 | _adc | ||
| 050 | 4 | _aHN | |
| 050 | 4 | _aDD | |
| 100 | 1 |
_aAbbe, Ernst, _d1840-1905 |
|
| 245 | 1 | 0 |
_aGesammelte Abhandlungen III : _bVorträge, Reden und Schriften sozialpolitischen und verwandten Inhalts _h[electronic resource] / _cErnst Abbe |
| 260 |
_bProject Gutenberg, _c2006 |
||
| 505 | 0 | _aWelche sozialen Forderungen soll die Freisinnige Volkspartei in ihr Programm aufnehmen? (1894) -- Gedächtnisrede zur Feier des 50jährigen Bestehens der Optischen Werkstätte (1896) -- Über Gewinnbeteiligung der Arbeiter in der Großindustrie (1897) -- Über die Grundlagen der Lohnregelung in der Optischen Werkstätte (1897) -- Zur Frage der Sonderbesteuerung des Konsumvereins (1898) -- Die rechtswidrige Beschränkung der Versammlungsfreiheit im Großherzogtum Sachsen (1900) -- Die volkswirtschaftliche Bedeutung der Verkürzung des industriellen Arbeitstages (1901) -- Über die Aufgaben des Arbeiterausschusses (1902) -- Statut der Carl Zeiss-Stiftung zu Jena (Text der Neuredaktion von 1906 mit den Varianten der Ausgabe von 1896) nebst Ergänzungsstatut (1900) -- Motive und Erläuterungen zum Entwurf eines Statuts der Carl Zeiss-Stiftung (1895) -- Motive und Erläuterungen. Nachtrag zum zweiten Entwurf, Titel V (1896) -- Die Verfassung der Carl Zeiss-Stiftung. Erläuterungen zu Titel I und II des Stiftungsstatuts (1900) | |
| 506 | _aPublic domain in the USA. | ||
| 516 | _aElectronic text | ||
| 653 | _aGermany -- Social policy -- History | ||
| 830 | 0 |
_aProject Gutenberg _v19755 |
|
| 856 | 4 | 0 | _uhttp://www.gutenberg.org/ebooks/19755 |
| 942 | _cEB | ||
| 999 |
_c249010 _d249010 |
||